[Event "Another?"]
[Site "http://www.queenalice.com/game.php?id=791221"]
[Date "2010.6.16"]
[Round "-"]
[White "flaviovieira"]
[Black "schmooster"]
[Result "1-0"]
[WhiteElo "1779"]
[BlackElo "1515"]

1. e4 c6 2. d4 d5 3. e5 Bf5 4. Nf3 Be4 5. Be2 e6 6. O-O Na6 7. Nc3 Bxf3 8. Bxf3
Bb4 9. Bd2 c5 10. dxc5 Nxc5 11. a3 d4 12. Nb5 Bxd2 13. Qxd2 d3 14. Nd6+ Ke7 15.
b4 Nd7 16. Nxb7 Qb6 17. Qxd3 Nxe5 18. Qe4 Nxf3+ 19. Qxf3 Nf6 20. Rfd1 Ng4 21.
Nd6 Ne5 22. Qf4 f6 23. c4 g5 24. Qe4 Rhd8 25. Qxh7+ Nf7 26. Qxf7# 1-0

[Event "Another?"]
[Site "http://www.queenalice.com/game.php?id=791236"]
[Date "2010.6.16"]
[Round "-"]
[White "flaviovieira"]
[Black "schmooster"]
[Result "0-1"]
[WhiteElo "1794"]
[BlackElo "1520"]

1. e4 c6 2. d4 d5 3. e5 Bf5 4. Nf3 Be4 5. Be2 e6 6. Nc3 Bxf3 7. Bxf3 Nh6 8. Bxh6
gxh6 9. a4 Bb4 10. Qd2 c5 11. dxc5 Bxc5 12. O-O d4 13. Nb5 Nc6 14. Rad1 a6 15.
Bxc6+ bxc6 16. Nxd4 Qd5 17. f4 O-O-O 18. b3 Qxd4+ 19. Qxd4 Bxd4+ 20. Kh1 h5 21.
Rd2 Be3 22. Rxd8+ Rxd8 23. h4 Rd2 24. Rf3 Bd4 25. c3 Bf2 26. g3 Bb6 27. f5 Rf2
28. Rxf2 Bxf2 29. Kg2 Be3 30. f6 Bc1 31. Kf2 Bb2 32. c4 Bxe5 33. Kf3 Bxf6 34.
Kf4 Bd4 35. Kg5 e5 36. Kxh5 e4 37. Kg4 e3 38. Kf3 a5 39. Ke2 h5 40. g4 hxg4 41.
h5 f5 42. h6 g3 43. h7 f4 44. Kd3 Bh8 45. Ke4 g2 46. Kxf4 g1=Q 47. Kf5 e2 48.
Ke6 e1=Q+ 49. Kf7 Qg7# 0-1

[Event "Challenge"]
[Site "http://www.queenalice.com/game.php?id=798763"]
[Date "2010.7.4"]
[Round "-"]
[White "schmooster"]
[Black "danielgarciasilva"]
[Result "1-0"]
[WhiteElo "1498"]
[BlackElo "1637"]

1. e4 e5 2. Nf3 Nf6 3. Nc3 d6 4. d4 c6 5. dxe5 dxe5 6. Nxe5 Bb4 7. Bd2 Bxc3 8.
Bxc3 Nxe4 9. Qxd8+ Kxd8 10. Bc4 Be6 11. Bxe6 fxe6 12. Nf7+ Ke7 13. Nxh8 Kf8 14.
O-O-O Na6 15. Rhf1 Nac5 16. Bb4 b6 17. f3 Nf6 18. Bxc5+ bxc5 19. Rd6 Ke7 20.
Rxc6 Nd7 21. Re1 Rxh8 22. Rcxe6+ Kd8 23. Rd6 Kc7 24. Rde6 g6 25. Re8 Rxe8 26.
Rxe8 h5 27. g4 hxg4 28. fxg4 Nf6 29. Re7+ Kb6 30. Re6+ Kb5 31. Rxf6 g5 32. Rf5
Kc6 33. Rxg5 Kd6 34. h4 Ke6 35. Rxc5 a5 36. h5 Kf7 37. g5 a4 38. g6+ Kg7 39. c4
a3 40. Rd5 axb2+ 41. Kxb2 Kh6 42. c5 Kg7 43. c6 Kf6 44. c7 Ke6 45. Rd1 Ke5 46.
c8=Q 1-0

[Event "Challenge"]
[Site "http://www.queenalice.com/game.php?id=798764"]
[Date "2010.7.4"]
[Round "-"]
[White "danielgarciasilva"]
[Black "schmooster"]
[Result "1-0"]
[WhiteElo "1301"]
[BlackElo "1517"]

1. e4 c6 2. Nc3 d5 3. exd5 cxd5 4. d4 e6 5. Nf3 Bb4 6. Bd2 Nc6 7. Bd3 f6 8. a3
Bxc3 9. Bxc3 Qd6 10. Nh4 e5 11. Qh5+ g6 12. Nxg6 exd4 13. Nxh8+ Kd8 14. Nf7+ 1-0

[Event "Kaspreta"]
[Site "http://www.queenalice.com/game.php?id=814929"]
[Date "2010.8.8"]
[Round "-"]
[White "schmooster"]
[Black "kaspreta"]
[Result "0-1"]
[WhiteElo "1506"]
[BlackElo "2171"]

1. d4 d6 2. c4 Bd7 3. e3 Nc6 4. b3 e5 5. g3 exd4 6. exd4 Qf6 7. Ne2 Qf3 8. Rg1
O-O-O 9. Bg2 Qf5 10. d5 Nb4 11. Nd4 Nd3+ 12. Ke2 Nxc1+ 13. Qxc1 Re8+ 14. Kd2
Qxf2+ 15. Kc3 g6 16. Nd2 Qe3+ 17. Kb4 Qxd4 18. Ka3 Bg7 19. Nf3 Qc5+ 20. b4 Qe3+
21. Qxe3 Rxe3# 0-1

[Event "Let's Play Chess!"]
[Site "http://www.queenalice.com/game.php?id=815047"]
[Date "2010.8.8"]
[Round "-"]
[White "fortunato"]
[Black "schmooster"]
[Result "1-0"]
[WhiteElo "2029"]
[BlackElo "1504"]

1. e4 c6 2. Nf3 d5 3. exd5 cxd5 4. Be2 e6 5. O-O h5 6. d4 g5 7. Bxg5 f6 8. Ne5
fxg5 9. Bxh5+ Rxh5 10. Qxh5+ Ke7 11. Qh7+ Kd6 12. Nf7+ 1-0

[Event "Challenge"]
[Site "http://www.queenalice.com/game.php?id=815542"]
[Date "2010.8.9"]
[Round "-"]
[White "schmooster"]
[Black "PRZ"]
[Result "0-1"]
[WhiteElo "1504"]
[BlackElo "1246"]

1. c4 e5 2. Nc3 Nf6 3. e3 b6 4. Qf3 c6 5. Nd5 cxd5 6. cxd5 d6 7. Bb5+ Bd7 8. Bc6
Bxc6 9. dxc6 Qc7 10. b4 Nxc6 11. b5 e4 12. Qf5 Ne7 13. Qg5 d5 14. Ne2 h6 15. Qh4
Nf5 16. Qf4 Qxf4 17. exf4 g5 18. Bb2 Bg7 19. Bxf6 Bxf6 20. g3 Bxa1 0-1

[Event "Let's Play Chess!"]
[Site "http://www.queenalice.com/game.php?id=819687"]
[Date "2010.8.19"]
[Round "-"]
[White "AFA1961"]
[Black "schmooster"]
[Result "1-0"]
[WhiteElo "2180"]
[BlackElo "1480"]

1. e4 c6 2. Nf3 d5 3. e5 Bf5 4. Be2 e6 5. O-O Nd7 6. d4 Be7 7. Nc3 Bh4 8. a3 h6
9. Be3 g5 10. g3 g4 11. Nxh4 Be4 12. Nxe4 dxe4 13. Bxg4 Qe7 14. Bh5 O-O-O 15.
Qe2 f6 16. Ng6 Qg7 17. Qc4 fxe5 18. dxe5 Nxe5 19. Qxe6+ Rd7 20. Nxe5 Nf6 21.
Nxd7 Nxd7 22. Be8 Kc7 23. Rfd1 Nf8 24. Qd6+ Kc8 25. Qd8# 1-0

[Event "UltimateFighting"]
[Site "http://www.queenalice.com/game.php?id=835315"]
[Date "2010.9.20"]
[Round "3"]
[White "schmooster"]
[Black "cutucapeao"]
[Result "0-1"]
[WhiteElo "1547"]
[BlackElo "1883"]

1. c4 e5 2. Nc3 Nf6 3. e3 Bb4 4. Nb5 O-O 5. a3 Be7 6. d4 exd4 7. Nxd4 d5 8. Qc2
c5 9. Nf5 Bxf5 10. Qxf5 Nc6 11. h4 d4 12. Bd2 dxe3 13. Bxe3 Qa5+ 14. Bd2 Qb6 15.
Nf3 Qxb2 16. Qb1 Qxb1+ 17. Rxb1 b6 18. Bf4 Rfe8 19. Be2 Ne4 20. Bc7 Nc3 21. Rb3
Nxe2 22. Kxe2 Bd6+ 23. Re3 Bxc7 24. Rxe8+ Rxe8+ 25. Kd3 f6 26. Re1 Rxe1 27. Nxe1
Ne5+ 28. Ke4 Nxc4 29. a4 Nb2 30. Kd5 Nxa4 31. Kc6 Be5 32. Kb7 b5 33. Kxa7 b4 34.
Ka6 b3 35. Kb5 b2 36. Kxa4 b1=Q 37. Nf3 Qb4# 0-1

[Event "Challenge"]
[Site "http://www.queenalice.com/game.php?id=838221"]
[Date "2010.9.26"]
[Round "-"]
[White "alysson_wander"]
[Black "schmooster"]
[Result "0-1"]
[WhiteElo "1128"]
[BlackElo "1561"]

1. e4 c6 2. c4 d5 3. Nf3 dxe4 4. Nd4 Qxd4 5. d3 f5 6. Nc3 Nf6 7. Be2 Ng4 8. Rf1
e5 9. h3 e3 10. Qc2 Nxf2 11. h4 e4 0-1

[Event "Meatopia"]
[Site "http://www.queenalice.com/game.php?id=964927"]
[Date "2011.7.26"]
[Round "-"]
[White "dwright"]
[Black "schmooster"]
[Result "1-0"]
[WhiteElo "1939"]
[BlackElo "1549"]

1. d4 c6 2. c4 d5 3. Nf3 Bf5 4. Nc3 e6 5. Qb3 dxc4 6. Qxb7 Nd7 7. Qxc6 Qc8 8.
Qa4 Nf6 9. e3 Ne4 10. Bxc4 Nxc3 11. bxc3 Be7 12. Ne5 Kd8 13. Nxf7+ Kc7 14. e4
Nb6 15. Bf4+ Bd6 16. Bxd6+ Kb7 17. Ba6# 1-0

[Event "Onomatopoeia"]
[Site "http://www.queenalice.com/game.php?id=967821"]
[Date "2011.8.1"]
[Round "-"]
[White "dwright"]
[Black "schmooster"]
[Result "1-0"]
[WhiteElo "1946"]
[BlackElo "1547"]

1. d4 c6 2. Nf3 d5 3. c4 Qb6 4. g3 Nd7 5. Bg2 e6 6. O-O h6 7. Nc3 Ngf6 8. Re1
Bb4 9. Qc2 c5 10. Na4 Qa5 11. Bd2 cxd4 12. Bxb4 Qxb4 13. Nxd4 Qxc4 14. Qxc4 dxc4
15. Rac1 Nb6 16. Nc5 Rb8 17. Nb5 a6 18. Nd6+ Ke7 19. Nxc4 Nxc4 20. Rxc4 b5 21.
Rc3 Nd5 22. Rcc1 h5 23. Nd3 g5 24. h3 h4 25. g4 f5 26. gxf5 exf5 27. Bxd5 Be6
28. Nb4 Rb6 29. Rc3 Kf6 30. Bg2 Rd8 31. e4 Ke5 32. Nc6+ Rxc6 33. Rxc6 Bxa2 34.
exf5+ Kxf5 35. Be4+ Kf4 36. Rc5 Be6 37. Kg2 Rd4 38. Bg6 Bd7 39. Re3 g4 40. hxg4
Bxg4 41. Re7 Rd7 42. Re4# 1-0

[Event "Challenge"]
[Site "http://www.queenalice.com/game.php?id=983986"]
[Date "2011.9.11"]
[Round "-"]
[White "albemo"]
[Black "schmooster"]
[Result "0-1"]
[WhiteElo "1652"]
[BlackElo "1545"]

1. f4 c6 2. Nf3 d5 3. e3 Bf5 4. Be2 Nd7 5. O-O h6 6. d3 Ngf6 7. Nc3 e6 8. b3 Bb4
9. Bd2 Bd6 10. Re1 Qc7 11. Bf1 e5 12. e4 Bg4 13. fxe5 Nxe5 14. exd5 O-O 15. Be2
cxd5 16. d4 Nxf3+ 17. Bxf3 Bxh2+ 18. Kf1 Qg3 19. Ne2 Bxf3 20. Nxg3 Bxd1 21. Nf5
Bxc2 22. Ne7+ Kh7 23. Rac1 Be4 24. Rc3 Rfe8 25. Rxe4 dxe4 26. Nf5 Rad8 27. Rh3
Rd5 28. Nh4 Ng4 0-1

[Event "Let's Play Chess!"]
[Site "http://www.queenalice.com/game.php?id=986142"]
[Date "2011.9.17"]
[Round "-"]
[White "doendeazul"]
[Black "schmooster"]
[Result "0-1"]
[WhiteElo "1739"]
[BlackElo "1565"]

1. d4 c6 2. e4 d5 3. e5 Bf5 4. Nc3 Na6 5. g4 Bg6 6. h4 h6 7. h5 Bh7 8. e6 fxe6
9. Bd3 Bxd3 10. Qxd3 Qd6 11. Qg6+ Kd8 12. Nf3 e5 13. Nxe5 Qxg6 14. Nxg6 Nb4 0-1

[Event "Challenge"]
[Site "http://www.queenalice.com/game.php?id=1243535"]
[Date "2013.12.28"]
[Round "-"]
[White "mariuszhagel"]
[Black "schmooster"]
[Result "1-0"]
[WhiteElo "1485"]
[BlackElo "1588"]

1. e4 e5 2. Nf3 f6 3. Nxe5 fxe5 4. Qh5+ g6 5. Qxe5+ Qe7 6. Qxh8 Qxe4+ 7. Kd1
Qg4+ 8. f3 Qe6 9. Bb5 Nc6 10. Re1 Qxe1+ 11. Kxe1 Nce7 12. Qxh7 a6 13. Bd3 Nf6
14. Qh4 Nh5 15. Bxg6+ Nxg6 16. Qxh5 1-0